| 000 | 00647nam a22001697a 4500 | ||
|---|---|---|---|
| 008 | 150327b xxu||||| |||| 00| 0 eng d | ||
| 020 | _a0915138271 | ||
| 050 | _aBM917.B68 | ||
| 100 |
_aBowman, J.(ed) _916683 |
||
| 245 |
_aSamaritan documents relating to thier history, religion and life _c/by John Bowman |
||
| 260 |
_aPittsburgh, Pennnsylvania _bThe Pickwick Press _c1977 |
||
| 300 |
_avii,370p. ; _c22cm. |
||
| 440 |
_aPittsburgh original texts and translations series number 2 _nno.2 _916684 |
||
| 650 |
_aSamaritans _xReligion _xSources _916685 |
||
| 700 |
_aDikran Y. Hadidian (series general editor) _916686 |
||
| 942 |
_2lcc _cMONOGRAPH |
||
| 999 |
_c122524 _d122524 |
||